000 00444cam a22001457a 4500
008 180718b2005 xxu||||| |||| 00| 0 eng d
082 _aA81x54 01/25PCA
100 _aCensus of India 2001
245 _aGujarat: primary census abstract
260 _aDelhi
_bThe Controller of Publications
_c2005
300 _a665+p.
440 _aCensus of India 2001. Series-25
500 _aContents: Tables A5, A6, A7, A8 & A9
650 _aGujarat - Census
999 _c488342
_d488342